Taylor Swift - Paroles I Did Something Bad - Statistiques

Statistiques générales
  • Ce quiz a été pris 306 fois
  • Le résultat moyen est 361 sur 422
Statistiques - réponses
Hint Réponse % Correct
Couplet 1 | Couplet 2 | Pré-refrain I
100%
So
100%
so
100%
a
99%
But
99%
me
99%
the
99%
they
99%
They
99%
it
98%
It
98%
love
97%
never
97%
go
96%
play
96%
trust
96%
bad
95%
bad,
95%
(Bad)
95%
did
95%
feel
95%
feel,
95%
good?
95%
good,
95%
good
95%
something
95%
say
93%
And
92%
and
92%
on
92%
If
90%
if
90%
like
90%
is
89%
my
89%
narcissist
89%
all
88%
then
88%
Then
88%
do
87%
easy
86%
can
85%
skin
85%
them
85%
ever
84%
world
84%
playboy
83%
tell
83%
You
83%
you
83%
think
81%
This
81%
What
81%
had
80%
he
80%
He
80%
how
80%
make
80%
one
80%
over
80%
works
80%
flames
79%
nothin'
79%
three
79%
'Cause
78%
'cause
78%
comin'
78%
for
78%
him
78%
look
78%
up
78%
up),
78%
up,
78%
up)
78%
light
77%
(light
77%
Light
77%
violin
77%
man
76%
witches,
76%
aren't
75%
burning
75%
could
75%
lie
75%
shit,
75%
even
74%
every
74%
just
74%
about
73%
again
73%
lips
73%
nothing
73%
let
72%
next
72%
oh
72%
Outro Oh,
72%
don't
71%
"Don't
71%
got
71%
see
71%
talks
71%
thinks
69%
ahead
68%
around
68%
coming
67%
felt
67%
get
67%
Now
67%
why's
67%
Why's
67%
saved
66%
thing"
65%
left
64%
Most
64%
owe
64%
before
63%
fun
63%
leave
63%
Bridge They're
63%
'em
62%
regret
61%
away
60%
gotta
60%
I'd
60%
name,
60%
red
60%
bit,
57%
throw
56%
says,
55%
fly
54%
proof
47%
drops
46%
their
45%
Their
45%
paint
43%
reasons
42%
change,
40%
Crimson
40%
spends
35%
receipts
30%
pitchforks
27%
Aucun quiz correspondant
Distribution des résultats
% des personnes avec chaque résultat
Percentile par nombre de réponses
Votre historique - résultats
Vous n’avez pas pris ce quiz